000
00335nam a2200157Ia 4500
005
20250423101553.0
008
250422s9999 xx 000 0 und d
020
_a
0- 553- 10077- 7
050
_a
PZ 4 .U76/
100
_a
Leon Uris
245
0
_a
Trinity
260
_b
Doubleday
260
_c
1976
300
_a
815 p
942
_c
BK
999
_c
36660
_d
36660